| 000 | 00346nam a2200145Ia 4500 | ||
|---|---|---|---|
| 008 | 210210b1890 xxu||||| |||| 00| 0 eng d | ||
| 082 | _a150/46 | ||
| 100 | _aJAMES, William. | ||
| 245 | _aPrinciples of psychology, Vol. II. | ||
| 260 |
_a _bNot Mentioned _c1890 |
||
| 440 | _a2 | ||
| 650 | _aPsychology | ||
| 690 | _aPsychology | ||
| 906 | _a000994 | ||
| 999 |
_c77510 _d77510 |
||